• 首页
  • 本馆介绍
  • 公告通知
  • 最新文献
  • 馆藏检索
  • 电子资源
  • 读者导购
  • 参考咨询
  • 我的图书馆
  • 登录
  • 详细信息显示
  • 放入我的书架
  • 预约/预借图书
  • 作者相关作品
  • 分类相关作品
  • 丛书相关作品
  • 出版社相关作品

书目信息

  • 表格格式
  • 工作单格式
  • 卡片格式
题名:
实验应力分析
    
 
作者: 佟景伟 , 伍洪泽 主编
分册:  
出版信息: 长沙   湖南科学技术出版社  1983
页数: 395页
开本: 19cm
丛书名:
单 册:
中图分类: O348
科图分类:
主题词: 实验应力分析
电子资源:
ISBN:
000 00640nam0 2200241 45
001 0183011607
005 20070712111002.28
010    @dCNY1.70
091    @aCN@b13204.81
100    @a19950510d1983 em y0chiy0121 ea
101 0  @achi
102    @aCN@b430000
105    @ay z 000yy
200 10 @a实验应力分析@Ashi yan ying li fen xi@f佟景伟,伍洪泽主编
210    @a长沙@c湖南科学技术出版社@d1983
215    @a395页@d19cm
606    @a实验应力分析
690    @aO348@v3
701  0 @a佟景伟@Atong jing wei@4主编
701  0 @a伍洪泽@Awu hong ze@4主编
801  0 @aCN@bTSSF@c20070712
801  2 @aCN@bNLC@c20060725
905    @dO348@e5
    
    实验应力分析/佟景伟,伍洪泽主编.-长沙:湖南科学技术出版社,1983
    395页;19cm
    
    
    ISBN :CNY1.70
    
●
相关链接 在E读中查询图书 在五车中查询图书 在当当中查询图书 在豆瓣中查询图书


正题名:实验应力分析     索取号:O348/5         预约/预借

序号 登录号 条形码 馆藏地/架位号 状态 备注
1 0431422   204314223   密集书库/ [索取号:O348/5] 在馆    
2 0431423   204314232   密集书库/ [索取号:O348/5] 在馆    
3 0768311   207683112   密集书库/ [索取号:O348/5] 在馆    
唐山师范学院图书馆 欢迎您!
大连网信软件有限公司© 版权所有